03607nam a2200289 4500001000700000003000900007005001700016008004100033040003900074041000800113082002000121110007300141245029400214250002200508260008200530300003200612505217600644650005602820651004802876700005402924700007002978700006103048700006003109942001203169999001903181952011703200113567DR-UNIBE20250509164238.0250507b2006 es ||||| |||| 00| 0 spa d aBIBLIOTECA UNIBEcBIBLIOTECA UNIBE aspa a342.97284 R426d 0aRepública de El Salvador. Corte Suprema de Justicia9195202eautor13a16 sentencias representativas de la sala de lo constitucional /cCorte Suprema de Justicia ; introducción: René Fortín Magaña ; diseño y producción: Martín R. Pocasangre Posada ; diagramación: Roxana Maricela López de Linares ; diseño de portada: Antonio Alberto Aquino aPrimera edición aSan Salvador: bCorte Suprema de Justicia. Sección de Publicaciones, c2006 a777 páginas :c23 x 17 cm a1. Sentencia de inconstitucionalidad 16-99 del 26 de junio de 2000 acerca de la imposibilidad de las candidaturas independientes para ser Diputado | 2. Sentencia de inconstitucionalidad 33-37/2000 del 31 de agosto de 2001 acerca de la base aérea de Comalapa | 3.Sentencia de inconstitucionalidad 41-2000/2-2001/3-2001/4-2001 del 13 de noviembre de 2001 acerca de la Ley de Integración Monetaria | 4.Sentencia de inconstitucionalidad 9-97 del 15 de febrero de 2002 acerca del pacto de no apelar | 5.Sentencia de inconstitucionalidad 6-2000 del 17 de mayo de 2000 acerca del Art. 12 del Código Electoral (Plancha Nacional) | 6. Sentencia de inconstitucionalidad 28-2002 del 8 de abril de 2003 acerca del Art 13. del Código Electoral (Plancha Nacional) | | 7. Sentencia de amparo 674-2001 del 23 de diciembre de 2002 acerca del caso Jesuitas | 8. Sentencia de amparo 118-2002 del 2 de marzo de 2004 contra DICOM (Hábeas Data | 9.Sentencia desestimatoria de inconstitucionalidad 26-2002 del 25 de octubre de 2002 acerca de la Ley de Presupuesto General para el ejercicio financiero fiscal 2004 | 10. Sentencia de amparo 312-2004 del 17 de diciembre de 2004 a favor del Partido Demócrata Cristiano (PDC) | 11.Sentencia de amparo 312-2004 del 17 de diciembre de 2004 a favor del Partido de Conciliación Nacional (PCN) | 12. Sentencia de inconstitucionalidad 8-2003/49-2003/2-2004/52004 del 22 de diciembre de 2004 acerca de la Ley de Bancos | 13. Sentencia de inconstitucionalidad 59-2003 del 121 de julio de 2005 acerca del Fondo de Conservación Vial (FOVIAL) | 14. Sentencia de inconstitucionalidad 36-2004 del 2 de septiembre de 2005 acerca de la autodeterminación informativa (Hábeas data) 15. Sentencia e Hábeas Corpus 199-2005 del 21 de diciembre 2005 a favor de Enrique Altamirano Madriz y Lafitte Fernández | 16. Improcedencia de inconstitucionalidad 64-2005 del 1 de febrero de 2005 de la interpretación auténtica del ART. 13 atribución 1 de la Ley Orgánica del Ministerio Público (Fiscal General Adjunto) | 17. Sentencia de inconstitucionalidad del 25 de abril de 2006 de la reforma al artículo 159 del Código Electoral  7aRecurso de inconstitucionalidazEl Salvador9195208 7aEl SalvadorxDerecho constitucional919498010aFortín Magaña, René9194981eintroducción10aPocasangre Posada, Martín R.9194790ediseñadoreproducción10aLópez de Linares, Roxana Maricela9194902ediagramador10aAquino, Antonio Alberto9194982ediseñador de portada 2ddccBK c113567d113567 00102ddc708GENaPrincipald2025-04-08l0o342.97284 R426dp250402r2025-05-07 09:04:19tEj. 1w2025-05-07yBK